[Event "EOBCC 2020"]
[Site "Online"]
[Date "2020.12.18"]
[Round "8.60"]
[White "Jaracz, Pawel"]
[Black "Polok, Kacper"]
[Result "1-0"]
[WhiteElo "2456"]
[BlackElo "2272"]
[Annotator "ChessBase"]
[PlyCount "99"]
[EventDate "2020.12.18"]
[EventType "tourn"]
[EventCountry "NET"]
[SourceTitle "playchess.com"]
[Source "ChessBase"]
[SourceQuality "1"]

1. e4 e6 2. d4 d5 3. Nd2 Nf6 4. e5 Nfd7 5. c3 c5 6. Bd3 Nc6 7. Ne2 cxd4 8. cxd4 f6 9. exf6 Nxf6 10. Nf3 Bd6 11. O-O O-O 12. h3 e5 13. dxe5 Nxe5 14. Nxe5 Bxe5 15. Qb3 Kh8 16. Bf4 Bxf4 17. Nxf4 Ne4 18. Qxd5 Qxd5 19. Nxd5 Bf5 20. Bxe4 Bxe4 21. Nc3 Bc6 22. Rfe1 Rad8 23. Rad1 Kg8 24. f3 a5 25. Kf2 Kf7 26. Rxd8 Rxd8 27. Rd1 Re8 28. Rd4 g5 29. a3 h6 30. Nd1 Bb5 31. Ne3 Rc8 32. h4 Bc6 33. hxg5 hxg5 34. Nc4 Kf6 35. Nxa5 Bb5 36. Rd2 b6 37. Nb3 Ke5 38. Nd4 Ba6 39. Nc2 Rc7 40. Ne3 Rc1 41. Rd5+ Ke6 42. Rxg5 Bd3 43. Rh5 b5 44. Rd5 Bc4 45. Rc5 Kd6 46. b4 Ra1 47. Nxc4+ bxc4 48. Rxc4 Rxa3 49. g4 Rb3 50. Kg3 1-0

[Event "EOBCC 2020"]
[Site "Online"]
[Date "2020.12.18"]
[Round "8.61"]
[White "Djordjevic, Vuk"]
[Black "Nikolovski, Nikola"]
[Result "0-1"]
[WhiteElo "2350"]
[BlackElo "2454"]
[Annotator "ChessBase"]
[PlyCount "106"]
[EventDate "2020.12.18"]
[EventType "tourn"]
[EventCountry "NET"]
[SourceTitle "playchess.com"]
[Source "ChessBase"]
[SourceQuality "1"]

1. d4 e6 2. Bf4 f5 3. Nd2 Nf6 4. g3 d6 5. Bg2 Be7 6. e4 O-O 7. Ne2 Nc6 8. exf5 e5 9. dxe5 dxe5 10. Bg5 Bxf5 11. Bxf6 gxf6 12. Nc3 Nd4 13. Nde4 c6 14. O-O Kh8 15. f4 Qd7 16. Qd3 Bg6 17. Rad1 Rad8 18. Kh1 f5 19. Nf2 e4 20. Qe3 Bf6 21. Rd2 c5 22. g4 Qe6 23. g5 Bg7 24. Rfd1 Rd7 25. Na4 b6 26. c3 Rfd8 27. cxd4 cxd4 28. Qa3 Bh5 29. Re1 Qc4 30. Nxe4 fxe4 31. Bxe4 d3 32. Qb3 Rd4 33. Qxc4 Rxc4 34. Bxd3 Rxa4 35. b3 Rad4 36. Re3 Rxf4 37. Kg2 Rfd4 38. Kf2 Bg6 39. Ke2 Rxd3 40. Rdxd3 Rxd3 41. Rxd3 Bxd3+ 42. Kxd3 Kg8 43. Ke4 Kf7 44. Kf5 Bd4 45. b4 b5 46. h4 Bc3 47. h5 Kg7 48. g6 h6 49. Ke6 Bxb4 50. Kd5 Bf8 51. Kc6 b4 52. Kb7 a5 53. Kb6 a4 0-1

[Event "EOBCC 2020"]
[Site "Online"]
[Date "2020.12.18"]
[Round "8.62"]
[White "Godzwon, Iwo"]
[Black "Belyakov, Bogdan"]
[Result "0-1"]
[WhiteElo "2347"]
[BlackElo "2450"]
[Annotator "ChessBase"]
[PlyCount "96"]
[EventDate "2020.12.18"]
[EventType "tourn"]
[EventCountry "NET"]
[SourceTitle "playchess.com"]
[Source "ChessBase"]
[SourceQuality "1"]

1. e4 e5 2. Nf3 Nc6 3. Bb5 Nf6 4. O-O Nxe4 5. Re1 Nd6 6. Nxe5 Be7 7. Bf1 Nxe5 8. Rxe5 O-O 9. d4 Bf6 10. Re1 Re8 11. c3 Rxe1 12. Qxe1 Qe7 13. Qxe7 Bxe7 14. Bf4 Ne8 15. Nd2 d6 16. Re1 Kf8 17. Bd3 g5 18. Bg3 h5 19. f3 Ng7 20. Bf2 a5 21. Ne4 a4 22. a3 Bd7 23. Be3 Re8 24. Kf2 f6 25. c4 Nf5 26. Nc3 Nxe3 27. Rxe3 f5 28. Nd5 Bd8 29. Bc2 f4 30. Rxe8+ Bxe8 31. Ke2 c6 32. Nc3 Bf6 33. d5 Bxc3 34. bxc3 c5 35. Bf5 Ke7 36. Bc8 b5 37. cxb5 Bxb5+ 38. Kf2 Kf6 39. Bb7 Ke5 40. Bc6 Bxc6 41. dxc6 Ke6 42. c4 Ke7 43. g3 h4 44. gxf4 gxf4 45. Kg2 Kd8 46. Kh3 d5 47. cxd5 c4 48. Kxh4 c3 0-1

[Event "EOBCC 2020"]
[Site "Online"]
[Date "2020.12.18"]
[Round "8.64"]
[White "Samadov, Read"]
[Black "Arabidze, Meri"]
[Result "1-0"]
[WhiteElo "2332"]
[BlackElo "2437"]
[Annotator "ChessBase"]
[PlyCount "85"]
[EventDate "2020.12.18"]
[EventType "tourn"]
[EventCountry "NET"]
[SourceTitle "playchess.com"]
[Source "ChessBase"]
[SourceQuality "1"]

1. d4 d5 2. c4 e6 3. Nf3 Nf6 4. g3 Bb4+ 5. Bd2 Be7 6. Bg2 O-O 7. O-O Nbd7 8. b3 Ne4 9. Nc3 Nxc3 10. Bxc3 c6 11. Nd2 f5 12. Qc2 Bd6 13. Rad1 Qe7 14. Rfe1 b5 15. f3 dxc4 16. bxc4 b4 17. Bb2 c5 18. e4 cxd4 19. exf5 Nc5 20. Bxd4 Rxf5 21. Nb3 Qc7 22. f4 Rb8 23. Nxc5 Bxc5 24. Be4 Rh5 25. Qf2 Bb7 26. Bxb7 Bxd4 27. Qxd4 Qxb7 28. Rxe6 Rf5 29. Rde1 Rf7 30. Re8+ Rxe8 31. Rxe8+ Rf8 32. Rxf8+ Kxf8 33. c5 a5 34. Qd8+ Kf7 35. Qxa5 Qe4 36. Qc7+ Kf8 37. Qd6+ Kf7 38. Qd2 Qc4 39. Qd7+ Kf8 40. c6 Qxa2 41. c7 Qb1+ 42. Kg2 Qe4+ 43. Kh3 1-0

[Event "EOBCC 2020"]
[Site "Online"]
[Date "2020.12.18"]
[Round "8.65"]
[White "Sargsyan, Shant"]
[Black "Aliyev, Ravan"]
[Result "1-0"]
[WhiteElo "2596"]
[BlackElo "2330"]
[Annotator "ChessBase"]
[PlyCount "131"]
[EventDate "2020.12.18"]
[EventType "tourn"]
[EventCountry "NET"]
[SourceTitle "playchess.com"]
[Source "ChessBase"]
[SourceQuality "1"]

1. d4 Nf6 2. Nf3 e6 3. c4 c5 4. Nc3 d5 5. Bg5 cxd4 6. Nxd4 Nc6 7. e3 Be7 8. Rc1 O-O 9. cxd5 exd5 10. Be2 Be6 11. O-O Rc8 12. Ncb5 Qb6 13. Qa4 Nxd4 14. Qxd4 Bc5 15. Rxc5 Rxc5 16. Bxf6 gxf6 17. Nc3 Kg7 18. Na4 Rc4 19. Nxb6 Rxd4 20. exd4 axb6 21. Rc1 Ra8 22. a3 Ra4 23. Rd1 Ra8 24. Bd3 Rc8 25. f3 h6 26. Kf2 Kf8 27. Ke3 Ke7 28. Kd2 Kd6 29. Rc1 Rg8 30. g3 Bd7 31. Ke3 Re8+ 32. Kf4 Be6 33. h4 Bd7 34. g4 Ra8 35. Bf5 Be6 36. Bd3 Bd7 37. Re1 Ra4 38. Ke3 b5 39. Rc1 b4 40. Bc2 Ra6 41. axb4 Rb6 42. b3 Rxb4 43. Kd3 Rb6 44. Kc3 Rc6+ 45. Kb2 Ra6 46. Re1 Ra8 47. Ra1 Re8 48. Rf1 Re2 49. Kc3 Rh2 50. h5 Bb5 51. Bd3 Bxd3 52. Kxd3 f5 53. Ke3 fxg4 54. fxg4 Rh3+ 55. Rf3 Rxf3+ 56. Kxf3 Ke6 57. Kg3 Kf6 58. Kf4 b6 59. b4 b5 60. g5+ hxg5+ 61. Kg4 Ke6 62. Kxg5 f6+ 63. Kg6 f5 64. Kg5 f4 65. Kxf4 Kf6 66. h6 1-0

[Event "EOBCC 2020"]
[Site "Online"]
[Date "2020.12.18"]
[Round "8.66"]
[White "Grandelius, Nils"]
[Black "Grunberg, Mihai-Lucian"]
[Result "1-0"]
[WhiteElo "2663"]
[BlackElo "2401"]
[Annotator "ChessBase"]
[PlyCount "91"]
[EventDate "2020.12.18"]
[EventType "tourn"]
[EventCountry "NET"]
[SourceTitle "playchess.com"]
[Source "ChessBase"]
[SourceQuality "1"]

1. Nf3 Nf6 2. g3 g6 3. b3 Bg7 4. Bb2 O-O 5. Bg2 c5 6. O-O Nc6 7. c4 d5 8. cxd5 Nxd5 9. Bxg7 Kxg7 10. d4 cxd4 11. Nxd4 Ndb4 12. Nxc6 Nxc6 13. Bxc6 bxc6 14. Qxd8 Rxd8 15. Nc3 Ba6 16. Rfd1 Rd6 17. Rxd6 exd6 18. Rd1 d5 19. f3 Kf6 20. Kf2 Ke5 21. g4 f5 22. gxf5 Kxf5 23. Na4 Bc8 24. Rc1 Bd7 25. Rc5 Ke6 26. Ra5 Kd6 27. Nb6 Rh8 28. Rxa7 Be6 29. a4 c5 30. a5 c4 31. bxc4 dxc4 32. Ke3 Kc5 33. Re7 Kd6 34. Rg7 Kc5 35. Kd2 Kb5 36. Re7 Bf5 37. Kc3 Kxa5 38. Nxc4+ Ka6 39. e4 Bh3 40. Kd4 Kb5 41. Nd6+ Kc6 42. e5 Rf8 43. Ke3 Kd5 44. Ne4 Bg2 45. Nf6+ Kc5 46. Nd7+ 1-0

[Event "EOBCC 2020"]
[Site "Online"]
[Date "2020.12.18"]
[Round "8.67"]
[White "Djukic, Nikola"]
[Black "Bykhovsky, Avigdor"]
[Result "1-0"]
[WhiteElo "2521"]
[BlackElo "2400"]
[Annotator "ChessBase"]
[PlyCount "119"]
[EventDate "2020.12.18"]
[EventType "tourn"]
[EventCountry "NET"]
[SourceTitle "playchess.com"]
[Source "ChessBase"]
[SourceQuality "1"]

1. e4 e6 2. d4 d5 3. Nc3 Bb4 4. e5 c5 5. a3 Ba5 6. b4 cxd4 7. Qg4 Kf8 8. bxa5 dxc3 9. Nf3 Nc6 10. Bd3 h6 11. O-O Qxa5 12. Rb1 Nge7 13. h4 a6 14. a4 Qc7 15. Re1 Kg8 16. h5 Nf5 17. Ba3 Bd7 18. Qf4 b5 19. axb5 axb5 20. Bd6 Nxd6 21. exd6 Qd8 22. Rxb5 Qf6 23. Qg3 Re8 24. Rb7 Rd8 25. Bb5 Be8 26. Rc7 Nb4 27. d7 Bxd7 28. Bxd7 Nxc2 29. Rc1 Nd4 30. Nxd4 Qxd4 31. Qxc3 Qxc3 32. R1xc3 Kh7 33. Bb5 Rhf8 34. Rf3 Kg8 35. Re3 Rb8 36. Bd3 Rfc8 37. Rxc8+ Rxc8 38. Re1 Rc3 39. Rd1 Kf8 40. Kf1 Ke7 41. Ke2 Kf6 42. f4 Ra3 43. g4 g6 44. Rh1 g5 45. Rf1 Ra4 46. fxg5+ Kxg5 47. Rxf7 Rxg4 48. Bg6 Rg3 49. Kf2 Ra3 50. Rg7 Kf6 51. Rg8 Rh3 52. Rf8+ Kg5 53. Bf7 Rh4 54. Ke3 Rf4 55. Rg8+ Kf5 56. Bxe6+ Ke5 57. Bd7 d4+ 58. Ke2 Re4+ 59. Kd2 Rh4 60. Be8 1-0

[Event "EOBCC 2020"]
[Site "Online"]
[Date "2020.12.18"]
[Round "8.69"]
[White "Budisavljevic, Luka"]
[Black "Neuman, Petr"]
[Result "1-0"]
[WhiteElo "2492"]
[BlackElo "2393"]
[Annotator "ChessBase"]
[PlyCount "65"]
[EventDate "2020.12.18"]
[EventType "tourn"]
[EventCountry "NET"]
[SourceTitle "playchess.com"]
[Source "ChessBase"]
[SourceQuality "1"]

1. d4 d5 2. Bf4 c5 3. e3 cxd4 4. exd4 Nc6 5. c3 Nf6 6. Nd2 Bg4 7. Qb3 Qc8 8. Ngf3 Bxf3 9. Nxf3 e6 10. Bd3 Be7 11. O-O O-O 12. Rae1 a6 13. Ne5 b5 14. Qd1 Nxe5 15. Bxe5 g6 16. Re3 Nd7 17. Bf4 b4 18. h4 bxc3 19. bxc3 Nf6 20. Be5 Re8 21. h5 Nxh5 22. Rh3 f6 23. Rxh5 fxe5 24. Rxe5 Bf6 25. Re3 Rb8 26. Qg4 e5 27. Qxc8 Rbxc8 28. Bxa6 exd4 29. Rf3 Rc6 30. Bb5 Ree6 31. Bxc6 Rxc6 32. cxd4 Bxd4 33. Rd3 1-0

[Event "EOBCC 2020"]
[Site "Online"]
[Date "2020.12.18"]
[Round "8.70"]
[White "Kazakouski, Valery"]
[Black "Balajayeva, Khanim"]
[Result "1-0"]
[WhiteElo "2473"]
[BlackElo "2376"]
[Annotator "ChessBase"]
[PlyCount "63"]
[EventDate "2020.12.18"]
[EventType "tourn"]
[EventCountry "NET"]
[SourceTitle "playchess.com"]
[Source "ChessBase"]
[SourceQuality "1"]

1. d4 d5 2. c4 dxc4 3. e4 e5 4. Nf3 exd4 5. Bxc4 Nc6 6. O-O Be6 7. Bb5 Bc5 8. b4 Bb6 9. a4 a6 10. Bxc6+ bxc6 11. a5 Ba7 12. Bb2 Nf6 13. Bxd4 Nxe4 14. Bxa7 Qxd1 15. Rxd1 Rxa7 16. Nd4 Bd5 17. f3 Nd6 18. Nc3 Kd7 19. Na4 Rb8 20. Nc5+ Kd8 21. Rab1 g6 22. g4 Ke7 23. Re1+ Kd8 24. Re5 Raa8 25. Rd1 Kc8 26. Rde1 Kd8 27. h4 f6 28. Re7 Rxb4 29. Rxh7 Nf7 30. Nxc6+ Bxc6 31. Rxf7 Be8 32. Rf8 1-0

[Event "EOBCC 2020"]
[Site "Online"]
[Date "2020.12.18"]
[Round "8.71"]
[White "Baskin, Robert"]
[Black "Shubin, Kirill"]
[Result "1-0"]
[WhiteElo "2390"]
[BlackElo "2441"]
[Annotator "ChessBase"]
[PlyCount "79"]
[EventDate "2020.12.18"]
[EventType "tourn"]
[EventCountry "NET"]
[SourceTitle "playchess.com"]
[Source "ChessBase"]
[SourceQuality "1"]

1. d4 e6 2. c4 Nf6 3. Nf3 c5 4. d5 b5 5. Bg5 exd5 6. cxd5 h6 7. Bf4 d6 8. e4 a6 9. Nbd2 Be7 10. Bd3 O-O 11. O-O Nbd7 12. Qe2 Re8 13. a4 c4 14. Bc2 Bb7 15. Be3 Ng4 16. Bd4 Bf6 17. h3 Nge5 18. Nxe5 Nxe5 19. Qe3 Nd7 20. Qc3 Bxd4 21. Qxd4 Qb6 22. Nf3 Qxd4 23. Nxd4 b4 24. a5 Nc5 25. f3 g6 26. g4 Kg7 27. Rac1 Kf6 28. Bb1 c3 29. bxc3 bxc3 30. Rxc3 Ke5 31. Rc4 Rac8 32. Rfc1 Kf4 33. Kf2 Ke5 34. Kg3 g5 35. Nf5 Rh8 36. h4 Kf6 37. Nxd6 Rcd8 38. e5+ Kxe5 39. Nxf7+ Kxd5 40. Rxc5+ 1-0

[Event "EOBCC 2020"]
[Site "Online"]
[Date "2020.12.18"]
[Round "8.72"]
[White "Filip, Lucian-Ioan"]
[Black "Mroziak, Maciej"]
[Result "0-1"]
[WhiteElo "2442"]
[BlackElo "2369"]
[Annotator "NA"]
[PlyCount "61"]
[EventDate "2020.12.18"]
[EventType "tourn"]
[EventCountry "NET"]
[SourceTitle "playchess.com"]
[Source "ChessBase"]
[SourceQuality "1"]

1. Nf3 Nc6 2. d4 d5 3. c4 Bg4 4. cxd5 Bxf3 5. gxf3 Qxd5 6. e3 e5 7. Nc3 Bb4 8. Bd2 Bxc3 9. bxc3 Qd6 10. Qb3 O-O-O 11. Rb1 b6 12. Qxf7 Kb8 13. Bh3 Nf6 14. Qe6 Qxe6 15. Bxe6 exd4 16. cxd4 Nxd4 17. exd4 Rhe8 18. Be3 Rxe6 19. O-O Nd5 20. Rfe1 Rf8 21. Kg2 Rg6+ 22. Kf1 Rxf3 23. Ke2 Rh3 24. Rbc1 Re6 25. Kd3 Rxh2 26. Kc4 Nxe3+ 27. fxe3 Rxa2 28. d5 Ra4+ 29. Kd3 Ree4 30. Rf1 Re7 31. Rf3 0-1

[Event "EOBCC 2020"]
[Site "Online"]
[Date "2020.12.18"]
[Round "8.73"]
[White "Rodin, Dmitrij"]
[Black "Hess, Max"]
[Result "1-0"]
[WhiteElo "2370"]
[BlackElo "2430"]
[Annotator "ChessBase"]
[PlyCount "133"]
[EventDate "2020.12.18"]
[EventType "tourn"]
[EventCountry "NET"]
[SourceTitle "playchess.com"]
[Source "ChessBase"]
[SourceQuality "1"]

1. e4 e5 2. Nf3 Nc6 3. Bb5 g6 4. d4 exd4 5. Bg5 Be7 6. h4 Nf6 7. e5 Ng4 8. Qe2 O-O 9. Nbd2 Re8 10. Bxc6 dxc6 11. O-O-O Qd5 12. Kb1 Be6 13. Nb3 c5 14. Bxe7 Rxe7 15. h5 Bf5 16. hxg6 Bxg6 17. Nbxd4 cxd4 18. Rxd4 Qe6 19. Ng5 Qxe5 20. Qxg4 Qe2 21. Nxh7 Qxg4 22. Rxg4 Re2 23. Nf6+ Kg7 24. Nd5 Rxf2 25. Nf4 Rh8 26. Rc1 Re8 27. b3 Re4 28. g3 a5 29. Rg5 b6 30. Kb2 Kf6 31. Rd5 Bf5 32. Nd3 Rg2 33. Rf1 Ree2 34. Rdxf5+ Ke7 35. Rxf7+ Kd6 36. R7f2 Rexf2 37. Rxf2 Rxg3 38. a4 Kc6 39. Kc3 Rh3 40. Rf6+ Kd7 41. Kc4 Rh2 42. c3 Rh4+ 43. Rf4 Rh3 44. Rf7+ Kc6 45. Rf6+ Kd7 46. Ne5+ Ke7 47. Rc6 Kd8 48. b4 Rh5 49. Nd3 axb4 50. cxb4 Kd7 51. Rg6 Rh4+ 52. Kb5 Rh5+ 53. Ka6 Rh3 54. Ne5+ Ke7 55. Kb7 Ra3 56. Nc6+ Kd7 57. Ne5+ Ke7 58. Kxc7 Rxa4 59. b5 Re4 60. Nc6+ Kf7 61. Rd6 Re1 62. Kxb6 Rb1 63. Rd5 Rb2 64. Kc7 Ke6 65. Rd6+ Kf7 66. b6 Rb1 67. b7 1-0

[Event "EOBCC 2020"]
[Site "Online"]
[Date "2020.12.18"]
[Round "8.74"]
[White "Kosakowski, Jakub"]
[Black "Villegas, Pierre"]
[Result "1-0"]
[WhiteElo "2431"]
[BlackElo "2367"]
[Annotator "ChessBase"]
[PlyCount "113"]
[EventDate "2020.12.18"]
[EventType "tourn"]
[EventCountry "NET"]
[SourceTitle "playchess.com"]
[Source "ChessBase"]
[SourceQuality "1"]

1. e4 c6 2. d4 d5 3. Nc3 dxe4 4. Nxe4 Nf6 5. Qd3 Nxe4 6. Qxe4 Nd7 7. Bc4 Nf6 8. Qd3 g6 9. Qb3 e6 10. Nf3 Bg7 11. O-O O-O 12. Bd2 b6 13. a4 Bb7 14. Rad1 Qc7 15. a5 Rad8 16. Rfe1 Nd5 17. Bf1 c5 18. dxc5 bxc5 19. a6 Ba8 20. Qa3 Rb8 21. Rb1 Nb4 22. Rec1 Rfd8 23. Bg5 Rd5 24. Qe3 Rf5 25. Bh4 Bxf3 26. gxf3 Nd5 27. Bg3 Be5 28. Qe4 Rb4 29. c4 Nf6 30. Qe3 Nh5 31. Rd1 Nxg3 32. hxg3 Bd4 33. Rxd4 cxd4 34. Qxd4 Qc5 35. Qc3 Qb6 36. Rc1 Rc5 37. Rd1 Rxb2 38. Qf6 Rc8 39. Rd4 Qc5 40. Bh3 Rb1+ 41. Kg2 Qf8 42. Rf4 Qg7 43. Qe7 Rf8 44. Qxa7 Rb2 45. Qe3 e5 46. Re4 Rd8 47. Rxe5 h5 48. Re8+ Rxe8 49. Qxe8+ Kh7 50. a7 Qd4 51. Qxf7+ Kh6 52. Qf8+ Kh7 53. Qf7+ Kh6 54. Qf8+ Kh7 55. Qe7+ Kh6 56. Qe1 Qxa7 57. Qc1+ 1-0

[Event "EOBCC 2020"]
[Site "Online"]
[Date "2020.12.18"]
[Round "8.75"]
[White "Krastev, Alexander"]
[Black "Atalik, Ekaterina"]
[Result "1-0"]
[WhiteElo "2367"]
[BlackElo "2450"]
[Annotator "ChessBase"]
[PlyCount "89"]
[EventDate "2020.12.18"]
[EventType "tourn"]
[EventCountry "NET"]
[SourceTitle "playchess.com"]
[Source "ChessBase"]
[SourceQuality "1"]

1. e4 e5 2. Bc4 Nc6 3. Nc3 Nf6 4. d3 Be7 5. f4 d6 6. Nf3 Bg4 7. O-O Nd4 8. fxe5 Bxf3 9. gxf3 dxe5 10. Kh1 O-O 11. f4 Bd6 12. f5 Kh8 13. Ne2 Nd7 14. Ng3 f6 15. c3 Nc6 16. a4 Qe8 17. Qg4 Nc5 18. b4 Nd7 19. a5 Nd8 20. Ra2 Nf7 21. Nh5 Rg8 22. Raf2 b6 23. a6 Rb8 24. Bb5 Qe7 25. Rf3 Nh6 26. Qh4 Rbf8 27. Rh3 Qf7 28. Bc4 Qe7 29. Rg1 c6 30. Bxg8 Rxg8 31. Nxg7 Rxg7 32. Qxh6 Rxg1+ 33. Kxg1 Qg7+ 34. Rg3 Qxh6 35. Bxh6 Bf8 36. Bxf8 Nxf8 37. d4 Nd7 38. Kf2 exd4 39. cxd4 Nb8 40. e5 fxe5 41. dxe5 Nd7 42. e6 Nf6 43. Kf3 Nd5 44. Ke4 Nf6+ 45. Ke5 1-0

[Event "EOBCC 2020"]
[Site "Online"]
[Date "2020.12.18"]
[Round "8.76"]
[White "Yankelevich, Lev"]
[Black "Rieger, Robert"]
[Result "1-0"]
[WhiteElo "2416"]
[BlackElo "2326"]
[Annotator "ChessBase"]
[PlyCount "99"]
[EventDate "2020.12.18"]
[EventType "tourn"]
[EventCountry "NET"]
[SourceTitle "playchess.com"]
[Source "ChessBase"]
[SourceQuality "1"]

1. Nf3 Nf6 2. g3 c6 3. Bg2 d5 4. O-O Bf5 5. d3 e6 6. Nc3 h6 7. Nd2 Be7 8. e4 Bh7 9. Qe2 Na6 10. Kh1 Nb4 11. Nb3 a5 12. a3 Na6 13. e5 Nd7 14. f4 c5 15. a4 Nc7 16. Qg4 Bg6 17. Bd2 b6 18. Rae1 Rc8 19. Qe2 d4 20. Ne4 Nd5 21. c4 dxc3 22. bxc3 O-O 23. Bc1 Nb8 24. Qc2 c4 25. Nd4 cxd3 26. Qxd3 Nxc3 27. Bb2 Nxe4 28. Bxe4 Bxe4+ 29. Qxe4 Rc4 30. f5 exf5 31. Rxf5 Bc5 32. e6 Bxd4 33. e7 Qc8 34. exf8=Q+ Qxf8 35. Bxd4 Nc6 36. Rd5 Qb4 37. Rd1 Qxa4 38. Qd3 Nxd4 39. Rxd4 Rxd4 40. Qxd4 Qc6+ 41. Qd5 Qc2 42. Qd8+ Kh7 43. Qd3+ Qxd3 44. Rxd3 a4 45. Rd5 a3 46. Rd3 Kg6 47. Rxa3 Kf5 48. Rb3 g5 49. Rxb6 f6 50. Kg2 1-0

[Event "EOBCC 2020"]
[Site "Online"]
[Date "2020.12.18"]
[Round "8.77"]
[White "Borsuk, Konstantin"]
[Black "Beydullayeva, Govhar"]
[Result "1-0"]
[WhiteElo "2401"]
[BlackElo "2263"]
[Annotator "ChessBase"]
[PlyCount "85"]
[EventDate "2020.12.18"]
[EventType "tourn"]
[EventCountry "NET"]
[SourceTitle "playchess.com"]
[Source "ChessBase"]
[SourceQuality "1"]

1. d4 Nf6 2. c4 e6 3. Nc3 Bb4 4. Qc2 O-O 5. a3 Bxc3+ 6. Qxc3 b6 7. Bg5 Bb7 8. f3 h6 9. Bh4 d5 10. cxd5 exd5 11. e3 Re8 12. Bf2 Nbd7 13. Bd3 c5 14. Ne2 Rc8 15. Qd2 Qe7 16. O-O Nf8 17. Rac1 Ne6 18. Rfe1 Qd7 19. Bh4 g5 20. Bf2 Ng7 21. g4 c4 22. Bb1 Rc6 23. Ng3 Bc8 24. h3 Qc7 25. e4 dxe4 26. fxe4 Rce6 27. b3 Qf4 28. Qb2 Nxg4 29. hxg4 Qxg4 30. Qe2 Qh3 31. Rxc4 Rf6 32. Qf1 Qg4 33. Qg2 Ne6 34. Nf5 Qh5 35. Qh2 Qg4+ 36. Qg3 Qh5 37. e5 Rg6 38. Nd6 Nf4 39. Rxc8 Rxc8 40. Bxg6 Ne2+ 41. Rxe2 Qxe2 42. Bxf7+ Kg7 43. Nxc8 1-0

[Event "EOBCC 2020"]
[Site "Online"]
[Date "2020.12.18"]
[Round "8.78"]
[White "Ioannidis, Evgenios"]
[Black "Jagodzinski, Piotr"]
[Result "1-0"]
[WhiteElo "2411"]
[BlackElo "2145"]
[Annotator "ChessBase"]
[PlyCount "151"]
[EventDate "2020.12.18"]
[EventType "tourn"]
[EventCountry "NET"]
[SourceTitle "playchess.com"]
[Source "ChessBase"]
[SourceQuality "1"]

1. d4 d5 2. c4 e6 3. Nc3 Nf6 4. cxd5 Nxd5 5. e4 Nxc3 6. bxc3 c5 7. Nf3 cxd4 8. cxd4 Bb4+ 9. Bd2 Bxd2+ 10. Qxd2 O-O 11. Rc1 b6 12. Bd3 Bb7 13. Qe3 Nc6 14. O-O Rc8 15. Bb1 Qe7 16. Rc3 Na5 17. Rfc1 Qb4 18. a3 Qb2 19. Qd2 Qb5 20. Bd3 Qa4 21. Qb2 Rxc3 22. Qxc3 h6 23. Qb4 Qxb4 24. axb4 Nc6 25. b5 Nb4 26. Rc7 Nxd3 27. Rxb7 Rc8 28. Kf1 Rc1+ 29. Ke2 Nf4+ 30. Kd2 Rb1 31. g3 Ng6 32. Rxa7 Rxb5 33. Kc3 Rb1 34. d5 exd5 35. exd5 Rd1 36. Kc4 b5+ 37. Kc5 Rd3 38. Nd4 b4 39. d6 Ne5 40. d7 Rc3+ 41. Kd5 Nxd7 42. Rxd7 Rd3 43. Ke4 Rd2 44. Ke3 Rb2 45. Rb7 g6 46. Nc6 Rb3+ 47. Ke2 Rb2+ 48. Kf3 b3 49. Nd4 Kg7 50. Rxb3 Ra2 51. Nb5 Ra6 52. Nc3 Rf6+ 53. Kg2 Rd6 54. Ne4 Rd4 55. Kf3 Ra4 56. Ke3 f5 57. Nd2 Kf6 58. h4 g5 59. Rb6+ Kg7 60. hxg5 hxg5 61. Nf3 f4+ 62. gxf4 gxf4+ 63. Ke2 Kf7 64. Ne5+ Ke7 65. Kf3 Ra2 66. Ng4 Ra4 67. Rf6 Ra3+ 68. Kxf4 Ra4+ 69. Kg5 Rxg4+ 70. Kxg4 Kxf6 71. Kf4 Ke6 72. Kg5 Ke5 73. f4+ Ke6 74. Kg6 Ke7 75. f5 Kf8 76. Kf6 1-0

[Event "EOBCC 2020"]
[Site "Online"]
[Date "2020.12.18"]
[Round "8.79"]
[White "Fecker, Noah"]
[Black "Soltanici, Ruslan"]
[Result "1-0"]
[WhiteElo "2329"]
[BlackElo "2410"]
[Annotator "ChessBase"]
[PlyCount "61"]
[EventDate "2020.12.18"]
[EventType "tourn"]
[EventCountry "NET"]
[SourceTitle "playchess.com"]
[Source "ChessBase"]
[SourceQuality "1"]

1. e4 c5 2. Nf3 d6 3. Bb5+ Nd7 4. O-O a6 5. Bd3 Qc7 6. c3 b5 7. a4 c4 8. Bc2 Bb7 9. axb5 axb5 10. Rxa8+ Bxa8 11. Na3 Ngf6 12. Nxb5 Qb8 13. Na3 Nxe4 14. Nxc4 e6 15. d4 Be7 16. Re1 Nef6 17. Ne3 O-O 18. h3 Rc8 19. Nh2 Nb6 20. Nhg4 Qb7 21. Qd3 g6 22. c4 Nxg4 23. hxg4 Nxc4 24. f3 Nxb2 25. Qa3 Nc4 26. Nxc4 Rxc4 27. Bb3 Rc3 28. Re3 Rxe3 29. Bxe3 Qc8 30. Qa7 Bf8 31. Kh2 1-0

[Event "EOBCC 2020"]
[Site "Online"]
[Date "2020.12.18"]
[Round "8.80"]
[White "Coenen, Michael"]
[Black "Gaehwiler, Gabriel"]
[Result "0-1"]
[WhiteElo "2362"]
[BlackElo "2408"]
[Annotator "NA"]
[PlyCount "74"]
[EventDate "2020.12.18"]
[EventType "tourn"]
[EventCountry "NET"]
[SourceTitle "playchess.com"]
[Source "ChessBase"]
[SourceQuality "1"]

1. d4 Nf6 2. Nf3 g6 3. g3 Bg7 4. Bg2 O-O 5. O-O d6 6. Nc3 c6 7. Re1 d5 8. Bg5 Ne4 9. Bf4 Na6 10. Ne5 Nd6 11. Qd2 g5 12. Bxg5 f6 13. Bh6 fxe5 14. Qg5 Nf5 15. Bxg7 Nxg7 16. dxe5 e6 17. Qxd8 Rxd8 18. e4 Bd7 19. Ne2 Be8 20. exd5 cxd5 21. c3 Nc5 22. Nd4 Nd3 23. Re2 Bf7 24. Rd1 Nc5 25. f4 Bg6 26. Red2 Ne4 27. Bxe4 Bxe4 28. Kf2 a6 29. Nb3 Rac8 30. Re2 Bf5 31. Rd4 Rc4 32. Rxc4 dxc4 33. Nd4 Kf7 34. Kf3 Bd3 35. Rd2 h5 36. h3 Nf5 37. Nc2 Be4+ 0-1

[Event "EOBCC 2020"]
[Site "Online"]
[Date "2020.12.18"]
[Round "8.81"]
[White "Galopoulos, Nikolaos"]
[Black "Kantans, Toms"]
[Result "1-0"]
[WhiteElo "2360"]
[BlackElo "2501"]
[Annotator "ChessBase"]
[PlyCount "115"]
[EventDate "2020.12.18"]
[EventType "tourn"]
[EventCountry "NET"]
[SourceTitle "playchess.com"]
[Source "ChessBase"]
[SourceQuality "1"]

1. d4 Nf6 2. c4 e6 3. Nc3 Bb4 4. Qc2 O-O 5. a3 Bxc3+ 6. Qxc3 Ne4 7. Qc2 f5 8. Nh3 d6 9. f3 Nf6 10. Nf2 Nc6 11. e3 e5 12. dxe5 dxe5 13. Be2 Qe7 14. Bd2 Be6 15. O-O Rad8 16. Rfd1 a5 17. Rab1 Rd7 18. b4 axb4 19. axb4 Rfd8 20. b5 Nb8 21. Bb4 Qf7 22. Nd3 e4 23. Ne5 Rxd1+ 24. Rxd1 Qe8 25. f4 Rxd1+ 26. Qxd1 Nbd7 27. Qd4 Nxe5 28. Qxe5 Qd7 29. h3 Kf7 30. Qc5 Kg6 31. Bc3 c6 32. Bd4 cxb5 33. cxb5 Nd5 34. b6 Qc8 35. Qd6 Qd7 36. Qe5 h5 37. Bb5 Qe7 38. Kh2 h4 39. Bc4 Qd7 40. Bb5 Qe7 41. Ba4 Kh6 42. Bb3 Qd7 43. Bc5 Qf7 44. Qd6 Kh7 45. Qd8 Nxf4 46. Qxh4+ Kg8 47. Qd8+ Kh7 48. Ba4 Ng6 49. Be8 Qg8 50. Bxg6+ Kxg6 51. Qd6 Qc8 52. Bd4 Qd7 53. Qe5 Kh7 54. Kg3 Bc4 55. Kf4 Bf1 56. g4 fxg4 57. hxg4 Bg2 58. Qc7 1-0

[Event "EOBCC 2020"]
[Site "Online"]
[Date "2020.12.18"]
[Round "8.83"]
[White "Grafl, Florian"]
[Black "Roshka, Yevgeniy"]
[Result "0-1"]
[WhiteElo "2343"]
[BlackElo "2476"]
[Annotator "ChessBase"]
[PlyCount "76"]
[EventDate "2020.12.18"]
[EventType "tourn"]
[EventCountry "NET"]
[SourceTitle "playchess.com"]
[Source "ChessBase"]
[SourceQuality "1"]

1. e4 g6 2. d4 Bg7 3. Nc3 d6 4. Be3 a6 5. Bd3 Nd7 6. Nf3 e6 7. Qd2 h6 8. O-O-O b5 9. Kb1 Bb7 10. Rhe1 Ne7 11. a3 Rc8 12. d5 e5 13. h4 f5 14. exf5 gxf5 15. g3 Nf6 16. Bf1 Nexd5 17. Nxd5 Bxd5 18. Ng5 hxg5 19. hxg5 Be6 20. gxf6 Qxf6 21. a4 bxa4 22. Bxa6 Rb8 23. Qc3 e4 24. Bd4 Qxd4 25. Rxd4 c5 26. Qa5 Bxd4 27. c3 Be5 28. Qc7 Rb3 29. Kc2 a3 30. bxa3 Rxc3+ 31. Kd2 Rb3 32. Rc1 Rh2 33. Rxc5 Rxf2+ 34. Ke1 Bxg3 35. Bb5+ Rxb5 36. Qc6+ Bd7 37. Qa8+ Ke7 38. Rxb5 Bxb5 0-1